Più grandi città del Lazio - Statistics

Statistiche generali
  • Questo quiz è stato fatto 346 volte
  • Il punteggio medio è 6 su 10
Statistiche sulle risposte
Popolazione Città % Corretto
2.864.731 ⭐️ Roma
100%
125.985 ⭐️ Latina
97%
67.173 ⭐️ Viterbo
90%
78.395 Fiumicino
60%
88.673 Guidonia Montecelio
47%
62.966 Pomezia
45%
73.446 Aprilia
42%
54.211 Anzio
41%
56.533 Tivoli
39%
53.303 Velletri
27%
Nessun quiz corrispondente trovato
Distribuzione punteggi
Percentuale di utenti per punteggio
Percentile per numero di risposta
I tuoi punteggi nel tempo
Non hai fatto questo quiz